AS Roma Full Squads (2000-) - Statistics

General Stats
  • This quiz has been taken 1,381 times
    934 since last reset
  • The average score is 242 of 625
Answer Stats
Year # Pos/Country Answer % Correct
2000-2001 10 FW Francesco Totti
95%
2001-2002 10 FW Francesco Totti
95%
2002-2003 10 FW Francesco Totti
95%
2003-2004 10 FW Francesco Totti
95%
2004-2005 10 FW Francesco Totti
95%
2005-2006 10 FW Francesco Totti
95%
2006-2007 10 FW Francesco Totti
95%
2007-2008 10 FW Francesco Totti
95%
2008-2009 10 FW Francesco Totti
95%
2009-2010 10 FW Francesco Totti
95%
2010-2011 10 FW Francesco Totti
95%
2011-2012 10 FW Francesco Totti
95%
2012-2013 10 FW Francesco Totti
95%
2013-2014 10 FW Francesco Totti
95%
2014-2015 10 FW Francesco Totti
95%
2015-2016 10 FW Francesco Totti
95%
2016-2017 10 FW Francesco Totti
95%
2015-2016 9 FW Edin Džeko
86%
2016-2017 9 FW Edin Džeko
86%
2017-2018 9 FW Edin Džeko
86%
2018-2019 9 FW Edin Džeko
86%
2019-2020 9 FW Edin Džeko
86%
2020-2021 9 FW Edin Džeko
86%
2001-2002 27 MF Daniele De Rossi
82%
2002-2003 27 MF Daniele De Rossi
82%
2003-2004 27 MF Daniele De Rossi
82%
2004-2005 4 MF Daniele De Rossi
82%
2005-2006 16 MF Daniele De Rossi
82%
2006-2007 16 MF Daniele De Rossi
82%
2007-2008 16 MF Daniele De Rossi
82%
2008-2009 16 MF Daniele De Rossi
82%
2009-2010 16 MF Daniele De Rossi
82%
2010-2011 16 MF Daniele De Rossi
82%
2011-2012 16 MF Daniele De Rossi
82%
2012-2013 16 MF Daniele De Rossi
82%
2013-2014 16 MF Daniele De Rossi
82%
2014-2015 16 MF Daniele De Rossi
82%
2015-2016 16 MF Daniele De Rossi
82%
2016-2017 16 MF Daniele De Rossi
82%
2017-2018 16 MF Daniele De Rossi
82%
2018-2019 16 MF Daniele De Rossi
82%
2015-2016 11 FW Mohamed Salah
79%
2016-2017 11 FW Mohamed Salah
79%
2022-2023 21 FW Paulo Dybala
79%
2023-2024 21 FW Paulo Dybala
79%
2024-2025 21 FW Paulo Dybala
79%
2011-2012 15 MF Miralem Pjanić
75%
2012-2013 15 MF Miralem Pjanić
75%
2013-2014 15 MF Miralem Pjanić
75%
2014-2015 15 MF Miralem Pjanić
75%
2015-2016 15 MF Miralem Pjanić
75%
2019-2020 6 DF Chris Smalling
74%
2020-2021 6 DF Chris Smalling
74%
2021-2022 6 DF Chris Smalling
74%
2022-2023 6 DF Chris Smalling
74%
2023-2024 6 DF Chris Smalling
74%
2021-2022 9 FW Tammy Abraham
74%
2022-2023 9 FW Tammy Abraham
74%
2023-2024 9 FW Tammy Abraham
74%
2021-2022 1 GK Rui Patrício
73%
2022-2023 1 GK Rui Patrício
73%
2023-2024 1 GK Rui Patrício
73%
2014-2015 44 DF Konstantinos Manolas
72%
2015-2016 44 DF Konstantinos Manolas
72%
2016-2017 44 DF Konstantinos Manolas
72%
2017-2018 44 DF Konstantinos Manolas
72%
2018-2019 44 DF Konstantinos Manolas
72%
2016-2017 19 GK Alisson
71%
2017-2018 1 GK Alisson
71%
2015-2016 22 FW Stephan El Shaarawy
71%
2016-2017 92 FW Stephan El Shaarawy
71%
2017-2018 92 FW Stephan El Shaarawy
71%
2018-2019 92 FW Stephan El Shaarawy
71%
2020-2021 92 FW Stephan El Shaarawy
71%
2021-2022 92 FW Stephan El Shaarawy
71%
2022-2023 92 FW Stephan El Shaarawy
71%
2023-2024 92 FW Stephan El Shaarawy
71%
2024-2025 92 FW Stephan El Shaarawy
71%
2015-2016 25 GK Wojciech Szczesny
70%
2016-2017 1 GK Wojciech Szczesny
70%
2019-2020 23 DF Gianluca Mancini
69%
2020-2021 23 DF Gianluca Mancini
69%
2021-2022 23 DF Gianluca Mancini
69%
2022-2023 23 DF Gianluca Mancini
69%
2023-2024 23 DF Gianluca Mancini
69%
2024-2025 23 DF Gianluca Mancini
69%
2003-2004 30 FW Mancini
69%
2004-2005 30 FW Mancini
69%
2005-2006 30 FW Mancini
69%
2006-2007 30 FW Mancini
69%
2007-2008 30 FW Mancini
69%
2013-2014 44 MF Radja Nainggolan
68%
2014-2015 4 MF Radja Nainggolan
68%
2015-2016 4 MF Radja Nainggolan
68%
2016-2017 4 MF Radja Nainggolan
68%
2017-2018 4 MF Radja Nainggolan
68%
2017-2018 7 MF Lorenzo Pellegrini
65%
2018-2019 7 MF Lorenzo Pellegrini
65%
2019-2020 7 MF Lorenzo Pellegrini
65%
2020-2021 7 MF Lorenzo Pellegrini
65%
2021-2022 7 MF Lorenzo Pellegrini
65%
2022-2023 7 MF Lorenzo Pellegrini
65%
2023-2024 7 MF Lorenzo Pellegrini
65%
2024-2025 7 MF Lorenzo Pellegrini
65%
2018-2019 3 DF Luca Pellegrini
65%
2019-2020 77 MF Henrikh Mkhitaryan
64%
2020-2021 77 MF Henrikh Mkhitaryan
64%
2021-2022 77 MF Henrikh Mkhitaryan
64%
2000-2001 2 DF Cafu
63%
2001-2002 2 DF Cafu
63%
2002-2003 2 DF Cafu
63%
2013-2014 27 FW Gervinho
61%
2014-2015 27 FW Gervinho
61%
2015-2016 27 FW Gervinho
61%
2014-2015 32 MF Leandro Paredes
61%
2016-2017 5 MF Leandro Paredes
61%
2023-2024 16 MF Leandro Paredes
61%
2024-2025 16 MF Leandro Paredes
61%
2015-2016 2 DF Antonio Rüdiger
60%
2016-2017 2 DF Antonio Rüdiger
60%
2024-2025 11 FW Artem Dovbyk
59%
2018-2019 4 MF Bryan Cristante
59%
2019-2020 4 MF Bryan Cristante
59%
2020-2021 4 MF Bryan Cristante
59%
2021-2022 4 MF Bryan Cristante
59%
2022-2023 4 MF Bryan Cristante
59%
2023-2024 4 MF Bryan Cristante
59%
2024-2025 4 MF Bryan Cristante
59%
2013-2014 6 MF Kevin Strootman
59%
2014-2015 6 MF Kevin Strootman
59%
2015-2016 6 MF Kevin Strootman
59%
2016-2017 6 MF Kevin Strootman
59%
2017-2018 6 MF Kevin Strootman
59%
2018-2019 6 MF Kevin Strootman
59%
2022-2023 99 GK Mile Svilar
59%
2023-2024 99 GK Mile Svilar
59%
2024-2025 99 GK Mile Svilar
59%
2023-2024 90 FW Romelu Lukaku
59%
2017-2018 11 DF Aleksandar Kolarov
58%
2018-2019 11 DF Aleksandar Kolarov
58%
2019-2020 11 DF Aleksandar Kolarov
58%
2021-2022 59 MF Nicola Zalewski
58%
2022-2023 59 MF Nicola Zalewski
58%
2023-2024 59 MF Nicola Zalewski
58%
2024-2025 59 MF Nicola Zalewski
58%
2006-2007 23 FW Mirko Vucinić
57%
2007-2008 9 FW Mirko Vucinić
57%
2008-2009 9 FW Mirko Vucinić
57%
2009-2010 9 FW Mirko Vucinić
57%
2010-2011 9 FW Mirko Vucinić
57%
2022-2023 19 DF Zeki Çelik
57%
2023-2024 19 DF Zeki Çelik
57%
2024-2025 19 DF Zeki Çelik
57%
2018-2019 1 GK Robin Olsen
56%
2000-2001 18 FW Gabriel Batistuta
55%
2001-2002 20 FW Gabriel Batistuta
55%
2002-2003 33 FW Gabriel Batistuta
55%
2017-2018 14 FW Patrik Schick
55%
2018-2019 14 FW Patrik Schick
55%
2017-2018 17 FW Cengiz Ünder
54%
2018-2019 17 FW Cengiz Ünder
54%
2019-2020 17 FW Cengiz Ünder
54%
2012-2013 48 DF Alessandro Florenzi
52%
2013-2014 24 DF Alessandro Florenzi
52%
2014-2015 24 DF Alessandro Florenzi
52%
2015-2016 24 DF Alessandro Florenzi
52%
2016-2017 24 DF Alessandro Florenzi
52%
2017-2018 24 DF Alessandro Florenzi
52%
2018-2019 24 DF Alessandro Florenzi
52%
2019-2020 24 DF Alessandro Florenzi
52%
2003-2004 4 DF Cristian Chivu
51%
2004-2005 13 DF Cristian Chivu
51%
2005-2006 13 DF Cristian Chivu
51%
2006-2007 13 DF Cristian Chivu
51%
2017-2018 26 DF Rick Karsdorp
51%
2018-2019 2 DF Rick Karsdorp
51%
2020-2021 2 DF Rick Karsdorp
51%
2021-2022 2 DF Rick Karsdorp
51%
2022-2023 2 DF Rick Karsdorp
51%
2023-2024 2 DF Rick Karsdorp
51%
2008-2009 17 DF John Arne Riise
50%
2009-2010 17 DF John Arne Riise
50%
2010-2011 17 DF John Arne Riise
50%
2013-2014 13 DF Maicon
50%
2014-2015 13 DF Maicon
50%
2015-2016 13 DF Maicon
50%
2014-2015 20 MF Seydou Keita
49%
2015-2016 20 MF Seydou Keita
49%
2015-2016 8 FW Diego Perotti
48%
2016-2017 8 FW Diego Perotti
48%
2017-2018 8 FW Diego Perotti
48%
2018-2019 8 FW Diego Perotti
48%
2019-2020 8 FW Diego Perotti
48%
2004-2005 5 DF Philippe Mexès
47%
2005-2006 5 DF Philippe Mexès
47%
2006-2007 5 DF Philippe Mexès
47%
2007-2008 5 DF Philippe Mexès
47%
2008-2009 5 DF Philippe Mexès
47%
2009-2010 5 DF Philippe Mexès
47%
2010-2011 5 DF Philippe Mexès
47%
2001-2002 18 FW Antonio Cassano
46%
2002-2003 18 FW Antonio Cassano
46%
2003-2004 18 FW Antonio Cassano
46%
2004-2005 18 FW Antonio Cassano
46%
2005-2006 18 FW Antonio Cassano
46%
2021-2022 14 FW Eldor Shomurodov
46%
2024-2025 14 FW Eldor Shomurodov
46%
2023-2024 5 DF Evan Ndicka
46%
2024-2025 5 DF Evan Ndicka
46%
2016-2017 3 DF Juan Jesus
46%
2017-2018 5 DF Juan Jesus
46%
2018-2019 5 DF Juan Jesus
46%
2020-2021 5 DF Juan Jesus
46%
2024-2025 15 DF Mats Hummels
46%
2019-2020 13 GK Pau López
46%
2020-2021 13 GK Pau López
46%
2004-2005 20 MF Simone Perrotta
46%
2005-2006 20 MF Simone Perrotta
46%
2006-2007 20 MF Simone Perrotta
46%
2007-2008 20 MF Simone Perrotta
46%
2008-2009 20 MF Simone Perrotta
46%
2009-2010 20 MF Simone Perrotta
46%
2010-2011 20 MF Simone Perrotta
46%
2011-2012 20 MF Simone Perrotta
46%
2012-2013 20 MF Simone Perrotta
46%
2000-2001 8 MF Hidetoshi Nakata
45%
2024-2025 17 MF Manu Koné
45%
2018-2019 22 MF Nicolò Zaniolo
45%
2019-2020 22 MF Nicolò Zaniolo
45%
2021-2022 22 MF Nicolò Zaniolo
45%
2022-2023 22 MF Nicolò Zaniolo
45%
2000-2001 9 FW Vincenzo Montella
45%
2001-2002 9 FW Vincenzo Montella
45%
2002-2003 9 FW Vincenzo Montella
45%
2003-2004 9 FW Vincenzo Montella
45%
2004-2005 9 FW Vincenzo Montella
45%
2005-2006 9 FW Vincenzo Montella
45%
2006-2007 9 FW Vincenzo Montella
45%
2008-2009 23 FW Vincenzo Montella
45%
2007-2008 4 DF Juan
44%
2008-2009 4 DF Juan
44%
2009-2010 4 DF Juan
44%
2010-2011 4 DF Juan
44%
2011-2012 4 DF Juan
44%
2020-2021 11 FW Pedro
44%
2023-2024 69 DF Angeliño
43%
2024-2025 3 DF Angeliño
43%
2006-2007 7 MF David Pizarro
43%
2007-2008 7 MF David Pizarro
43%
2008-2009 7 MF David Pizarro
43%
2009-2010 7 MF David Pizarro
43%
2010-2011 7 MF David Pizarro
43%
2011-2012 7 MF David Pizarro
43%
2000-2001 11 MF Émerson
43%
2001-2002 11 MF Émerson
43%
2002-2003 11 MF Émerson
43%
2003-2004 11 MF Émerson
43%
2015-2016 33 DF Emerson
43%
2016-2017 33 DF Emerson
43%
2017-2018 33 DF Emerson
43%
2024-2025 18 FW Matías Soulé
43%
2014-2015 88 FW Seydou Doumbia
43%
2024-2025 56 FW Alexis Saelemaekers
42%
2019-2020 37 DF Leonardo Spinazzola
42%
2020-2021 37 DF Leonardo Spinazzola
42%
2022-2023 37 DF Leonardo Spinazzola
42%
2023-2024 37 DF Leonardo Spinazzola
42%
2011-2012 24 GK Maarten Stekelenburg
42%
2012-2013 24 GK Maarten Stekelenburg
42%
2016-2017 20 DF Federico Fazio
41%
2017-2018 20 DF Federico Fazio
41%
2018-2019 20 DF Federico Fazio
41%
2019-2020 20 DF Federico Fazio
41%
2020-2021 20 DF Federico Fazio
41%
2000-2001 19 DF Walter Samuel
41%
2001-2002 19 DF Walter Samuel
41%
2002-2003 19 DF Walter Samuel
41%
2003-2004 19 DF Walter Samuel
41%
2019-2020 21 MF Jordan Veretout
40%
2020-2021 17 MF Jordan Veretout
40%
2021-2022 17 MF Jordan Veretout
40%
2012-2013 4 MF Michael Bradley
40%
2013-2014 4 MF Michael Bradley
40%
2012-2013 17 FW Nicolás López
40%
2014-2015 3 DF Ashley Cole
39%
2022-2023 8 MF Nemanja Matic
39%
2005-2006 11 FW Rodrigo Taddei
38%
2006-2007 11 FW Rodrigo Taddei
38%
2007-2008 11 FW Rodrigo Taddei
38%
2008-2009 11 FW Rodrigo Taddei
38%
2009-2010 11 FW Rodrigo Taddei
38%
2010-2011 11 FW Rodrigo Taddei
38%
2011-2012 11 FW Rodrigo Taddei
38%
2012-2013 11 FW Rodrigo Taddei
38%
2013-2014 11 FW Rodrigo Taddei
38%
2005-2006 32 GK Doni
37%
2006-2007 32 GK Doni
37%
2007-2008 32 GK Doni
37%
2008-2009 32 GK Doni
37%
2009-2010 32 GK Doni
37%
2010-2011 32 GK Doni
37%
2008-2009 24 FW Jérémy Ménez
37%
2009-2010 94 FW Jérémy Ménez
37%
2010-2011 94 FW Jérémy Ménez
37%
2020-2021 24 DF Marash Kumbulla
37%
2021-2022 24 DF Marash Kumbulla
37%
2022-2023 24 DF Marash Kumbulla
37%
2014-2015 19 FW Víctor Ibarbo
37%
2000-2001 6 DF Aldair
36%
2001-2002 6 DF Aldair
36%
2002-2003 6 DF Aldair
36%
2022-2023 14 DF Diego Llorente
36%
2023-2024 14 DF Diego Llorente
36%
2019-2020 41 DF Roger Ibañez
36%
2020-2021 3 DF Roger Ibañez
36%
2021-2022 3 DF Roger Ibañez
36%
2022-2023 3 DF Roger Ibañez
36%
2018-2019 42 MF Steven Nzonzi
36%
2014-2015 7 FW Juan Iturbe
35%
2015-2016 7 FW Juan Iturbe
35%
2016-2017 7 FW Juan Iturbe
35%
2024-2025 22 DF Mario Hermoso
35%
2016-2017 21 DF Mário Rui
35%
2013-2014 17 DF Medhi Benatia
35%
2013-2014 26 GK Morgan De Sanctis
35%
2014-2015 26 GK Morgan De Sanctis
35%
2015-2016 26 GK Morgan De Sanctis
35%
2019-2020 42 MF Amadou Diawara
34%
2020-2021 42 MF Amadou Diawara
34%
2021-2022 42 MF Amadou Diawara
34%
2018-2019 27 MF Javier Pastore
34%
2019-2020 27 MF Javier Pastore
34%
2023-2024 17 FW Sardar Azmoun
33%
2000-2001 32 DF Vincent Candela
33%
2001-2002 32 DF Vincent Candela
33%
2002-2003 32 DF Vincent Candela
33%
2003-2004 32 DF Vincent Candela
33%
2004-2005 32 DF Vincent Candela
33%
2010-2011 1 GK Bogdan Lobonț
32%
2011-2012 1 GK Bogdan Lobonț
32%
2012-2013 1 GK Bogdan Lobonț
32%
2012-2013 35 DF Vasilios Torosidis
32%
2013-2014 35 DF Vasilios Torosidis
32%
2014-2015 35 DF Vasilios Torosidis
32%
2015-2016 35 DF Vasilios Torosidis
32%
2022-2023 52 MF Edoardo Bove
31%
2023-2024 52 MF Edoardo Bove
31%
2018-2019 34 MF Justin Kluivert
31%
2019-2020 99 MF Justin Kluivert
31%
2009-2010 30 FW Luca Toni
31%
2013-2014 28 GK Lukasz Skorupski
31%
2014-2015 28 GK Lukasz Skorupski
31%
2017-2018 28 GK Lukasz Skorupski
31%
2011-2012 7 MF Marquinho
31%
2012-2013 7 MF Marquinho
31%
2013-2014 7 MF Marquinho
31%
2024-2025 61 MF Niccolò Pisilli
31%
2009-2010 29 DF Nicolás Burdisso
31%
2010-2011 29 DF Nicolás Burdisso
31%
2011-2012 29 DF Nicolás Burdisso
31%
2012-2013 29 DF Nicolás Burdisso
31%
2013-2014 29 DF Nicolás Burdisso
31%
2011-2012 44 DF Simon Kjaer
31%
2001-2002 14 DF Christian Panucci
30%
2002-2003 23 DF Christian Panucci
30%
2003-2004 2 DF Christian Panucci
30%
2004-2005 2 DF Christian Panucci
30%
2005-2006 2 DF Christian Panucci
30%
2006-2007 2 DF Christian Panucci
30%
2007-2008 2 DF Christian Panucci
30%
2008-2009 2 DF Christian Panucci
30%
2015-2016 3 DF Lucas Digne
30%
2000-2001 24 FW Marco Delvecchio
30%
2001-2002 24 FW Marco Delvecchio
30%
2002-2003 24 FW Marco Delvecchio
30%
2003-2004 24 FW Marco Delvecchio
30%
2023-2024 43 DF Rasmus Kristensen
30%
2004-2005 23 MF Alberto Aquilani
29%
2005-2006 8 MF Alberto Aquilani
29%
2006-2007 8 MF Alberto Aquilani
29%
2007-2008 8 MF Alberto Aquilani
29%
2008-2009 8 MF Alberto Aquilani
29%
2022-2023 11 FW Andrea Belotti
29%
2023-2024 11 FW Andrea Belotti
29%
2016-2017 13 DF Bruno Peres
29%
2017-2018 25 DF Bruno Peres
29%
2019-2020 33 DF Bruno Peres
29%
2020-2021 33 DF Bruno Peres
29%
2024-2025 2 DF Devyne Rensch
29%
2011-2012 8 FW Erik Lamela
29%
2012-2013 8 FW Erik Lamela
29%
2018-2019 83 GK Antonio Mirante
28%
2019-2020 83 GK Antonio Mirante
28%
2020-2021 83 GK Antonio Mirante
28%
2011-2012 9 FW Daniel Osvaldo
28%
2012-2013 9 FW Daniel Osvaldo
28%
2022-2023 25 MF Georginio Wijnaldum
28%
2010-2011 22 FW Marco Borriello
28%
2013-2014 88 FW Marco Borriello
28%
2019-2020 19 FW Nikola Kalinić
28%
2024-2025 12 DF Saud Abdulhamid
28%
2019-2020 31 FW Carles Pérez
27%
2020-2021 31 FW Carles Pérez
27%
2021-2022 11 FW Carles Pérez
27%
2000-2001 17 MF Damiano Tommasi
27%
2001-2002 17 MF Damiano Tommasi
27%
2002-2003 17 MF Damiano Tommasi
27%
2003-2004 17 MF Damiano Tommasi
27%
2005-2006 17 MF Damiano Tommasi
27%
2000-2001 15 DF Jonathan Zebina
27%
2001-2002 15 DF Jonathan Zebina
27%
2002-2003 5 DF Jonathan Zebina
27%
2003-2004 5 DF Jonathan Zebina
27%
2012-2013 3 DF Marquinhos
27%
2012-2013 46 DF Alessio Romagnoli
26%
2013-2014 46 DF Alessio Romagnoli
26%
2021-2022 64 FW Felix Afena-Gyan
26%
2000-2001 1 GK Francesco Antonioli
26%
2001-2002 1 GK Francesco Antonioli
26%
2002-2003 1 GK Francesco Antonioli
26%
2009-2010 27 GK Júlio Sérgio
26%
2010-2011 27 GK Júlio Sérgio
26%
2022-2023 18 FW Ola Solbakken
26%
2016-2017 15 DF Thomas Vermaelen
26%
2013-2014 8 MF Adem Ljajić
25%
2014-2015 8 MF Adem Ljajić
25%
2012-2013 5 DF Leandro Castán
25%
2013-2014 5 DF Leandro Castán
25%
2015-2016 5 DF Leandro Castán
25%
2010-2011 8 FW Adriano
24%
2008-2009 19 MF Júlio Baptista
24%
2009-2010 19 MF Júlio Baptista
24%
2010-2011 19 MF Júlio Baptista
24%
2006-2007 77 DF Marco Cassetti
24%
2007-2008 77 DF Marco Cassetti
24%
2008-2009 77 DF Marco Cassetti
24%
2009-2010 77 DF Marco Cassetti
24%
2010-2011 77 DF Marco Cassetti
24%
2011-2012 77 DF Marco Cassetti
24%
2011-2012 14 FW Bojan Krkic
23%
2023-2024 22 MF Houssem Aouar
23%
2012-2013 22 FW Mattia Destro
23%
2013-2014 22 FW Mattia Destro
23%
2014-2015 22 FW Mattia Destro
23%
2000-2001 3 DF Antônio Carlos Zago
22%
2001-2002 3 DF Antônio Carlos Zago
22%
2020-2021 21 FW Borja Mayoral
22%
2021-2022 21 FW Borja Mayoral
22%
2007-2008 3 DF Cicinho
22%
2008-2009 3 DF Cicinho
22%
2010-2011 2 DF Cicinho
22%
2011-2012 2 DF Cicinho
22%
2012-2013 42 DF Federico Balzaretti
22%
2013-2014 42 DF Federico Balzaretti
22%
2011-2012 5 DF Gabriel Heinze
22%
2021-2022 5 DF Matías Viña
22%
2021-2022 27 MF Sérgio Oliveira
22%
2023-2024 35 MF Tommaso Baldanzi
22%
2024-2025 35 MF Tommaso Baldanzi
22%
2020-2021 14 MF Gonzalo Villar
21%
2021-2022 8 MF Gonzalo Villar
21%
2021-2022 15 DF Ainsley Maitland-Niles
20%
2000-2001 4 MF Cristiano Zanetti
20%
2017-2018 33 DF Jonathan Silva
20%
2014-2015 2 DF Mapou Yanga-Mbiwa
20%
2024-2025 25 DF Victor Nelsson
20%
2012-2013 27 DF Dodô
19%
2013-2014 3 DF Dodô
19%
2017-2018 15 DF Héctor Moreno
19%
2017-2018 21 MF Maxime Gonalons
19%
2018-2019 18 DF Davide Santon
18%
2019-2020 18 DF Davide Santon
18%
2020-2021 18 DF Davide Santon
18%
2024-2025 28 MF Enzo Le Fée
18%
2011-2012 19 MF Fernando Gago
18%
2015-2016 14 FW Iago Falque
18%
2002-2003 15 MF Olivier Dacourt
18%
2003-2004 15 MF Olivier Dacourt
18%
2004-2005 15 MF Olivier Dacourt
18%
2005-2006 15 MF Olivier Dacourt
18%
2004-2005 1 GK Gianluca Curci
17%
2005-2006 1 GK Gianluca Curci
17%
2006-2007 1 GK Gianluca Curci
17%
2007-2008 1 GK Gianluca Curci
17%
2006-2007 22 DF Max Tonetto
17%
2007-2008 22 DF Max Tonetto
17%
2008-2009 22 DF Max Tonetto
17%
2009-2010 22 DF Max Tonetto
17%
2004-2005 99 FW Mido
17%
2012-2013 77 MF Panagiotis Tachtsidis
17%
2005-2006 4 DF Samuel Kuffour
17%
2002-2003 31 DF Traianos Dellas
17%
2003-2004 31 DF Traianos Dellas
17%
2004-2005 31 DF Traianos Dellas
17%
2022-2023 68 MF Benjamin Tahirović
16%
2023-2024 3 DF Dean Huijsen
16%
2021-2022 55 MF Ebrima Darboe
16%
2016-2017 30 MF Gerson
16%
2017-2018 30 MF Gerson
16%
2014-2015 48 MF Salih Uçan
16%
2000-2001 21 FW Abel Balbo
15%
2001-2002 16 FW Abel Balbo
15%
2012-2013 23 DF Iván Piris
15%
2003-2004 23 FW John Carew
15%
2020-2021 61 DF Riccardo Calafiori
15%
2021-2022 13 DF Riccardo Calafiori
15%
2005-2006 35 FW Stefano Okaka
15%
2006-2007 35 FW Stefano Okaka
15%
2008-2009 89 FW Stefano Okaka
15%
2009-2010 89 FW Stefano Okaka
15%
2005-2006 28 DF Aleandro Rosi
14%
2006-2007 28 DF Aleandro Rosi
14%
2010-2011 87 DF Aleandro Rosi
14%
2011-2012 87 DF Aleandro Rosi
14%
2003-2004 25 FW Alessio Cerci
14%
2005-2006 26 FW Alessio Cerci
14%
2009-2010 24 FW Alessio Cerci
14%
2015-2016 87 DF Ervin Zukanovic
14%
2000-2001 7 MF Eusebio Di Francesco
14%
2001-2002 80 GK Ivan Pelizzoli
14%
2002-2003 22 GK Ivan Pelizzoli
14%
2003-2004 22 GK Ivan Pelizzoli
14%
2004-2005 22 GK Ivan Pelizzoli
14%
2022-2023 20 MF Mady Camara
14%
2007-2008 33 MF Matteo Brighi
14%
2008-2009 33 MF Matteo Brighi
14%
2009-2010 33 MF Matteo Brighi
14%
2010-2011 33 MF Matteo Brighi
14%
2012-2013 13 GK Mauro Goicoechea
14%
2014-2015 23 DF Davide Astori
13%
2001-2002 5 MF Francisco Lima
13%
2002-2003 8 MF Francisco Lima
13%
2003-2004 8 MF Francisco Lima
13%
2018-2019 19 MF Ante Coric
12%
2016-2017 7 MF Clément Grenier
12%
2011-2012 31 FW Fabio Borini
12%
2018-2019 15 DF Iván Marcano
12%
2014-2015 25 DF Jose Cholevas
12%
2002-2003 13 DF Leandro Cufré
12%
2004-2005 25 DF Leandro Cufré
12%
2005-2006 25 DF Leandro Cufré
12%
2006-2007 25 DF Leandro Cufré
12%
2024-2025 27 MF Lucas Gourna-Douath
12%
2008-2009 13 DF Marco Motta
12%
2009-2010 13 DF Marco Motta
12%
2004-2005 8 DF Matteo Ferrari
12%
2006-2007 21 DF Matteo Ferrari
12%
2007-2008 21 DF Matteo Ferrari
12%
2002-2003 28 MF Pep Guardiola
12%
2000-2001 22 GK Cristiano Lupatelli
11%
2020-2021 87 GK Daniel Fuzato
11%
2019-2020 2 MF Davide Zappacosta
11%
2007-2008 14 FW Ludovic Giuly
11%
2007-2008 29 MF Ahmed Barusso
10%
2005-2006 7 MF Édgar Álvarez
10%
2007-2008 17 MF Édgar Álvarez
10%
2017-2018 13 DF Elio Capradossi
10%
2017-2018 23 FW Grégoire Defrel
10%
2000-2001 5 MF Marcos Assunção
10%
2001-2002 8 MF Marcos Assunção
10%
2022-2023 62 MF Cristian Volpato
9%
2010-2011 30 MF Fábio Simplício
9%
2011-2012 30 MF Fábio Simplício
9%
2000-2001 25 MF Gianni Guigou
9%
2001-2002 25 MF Gianni Guigou
9%
2002-2003 25 MF Gianni Guigou
9%
2013-2014 20 MF Michel Bastos
9%
2013-2014 2 DF Rafael Tolói
9%
2007-2008 26 MF Adrian Piț
8%
2003-2004 12 GK Carlo Zotti
8%
2004-2005 12 GK Carlo Zotti
8%
2005-2006 14 MF Houssine Kharja
8%
2009-2010 3 DF Marco Andreolli
8%
2015-2016 21 MF William Vainqueur
8%
2005-2006 29 MF Leandro Greco
7%
2010-2011 23 MF Leandro Greco
7%
2011-2012 23 MF Leandro Greco
7%
2005-2006 40 FW Shabani Nonda
7%
2008-2009 15 DF Simone Loria
7%
2010-2011 15 DF Simone Loria
7%
2004-2005 3 DF Abel Xavier
6%
2007-2008 15 DF Antunes
6%
2005-2006 3 DF Cesare Bovo
6%
2006-2007 4 FW Christian Wilhelmsson
6%
2014-2015 53 FW Daniele Verde
6%
2001-2002 7 MF Diego Fuser
6%
2000-2001 16 MF Gaetano D'Agostino
6%
2003-2004 21 MF Gaetano D'Agostino
6%
2004-2005 21 MF Gaetano D'Agostino
6%
2007-2008 18 FW Mauro Esposito
6%
2000-2001 28 DF Amedeo Mangone
5%
2006-2007 17 FW Francesco Tavano
5%
2012-2013 55 GK Tomas Švedkauskas
5%
2000-2001 23 DF Alessandro Rinaldi
4%
2008-2009 25 GK Artur Moraes
4%
2009-2010 25 GK Artur Moraes
4%
2003-2004 34 FW Daniele Corvia
4%
2004-2005 11 FW Daniele Corvia
4%
2002-2003 4 DF Luigi Sartor
4%
2003-2004 7 DF Luigi Sartor
4%
2004-2005 7 DF Luigi Sartor
4%
2006-2007 14 MF Ricardo Faty
4%
2009-2010 14 MF Ricardo Faty
4%
2000-2001 14 DF Sergey Gurenko
4%
2008-2009 21 DF Souleymane Diamoutene
4%
2004-2005 28 DF Valerio Virga
4%
2006-2007 18 DF Valerio Virga
4%
2011-2012 3 DF Cote
3%
2002-2003 20 MF Davide Bombardini
3%
2011-2012 92 MF Federico Viviani
3%
2008-2009 14 MF Filipe
3%
2004-2005 19 DF Giuseppe Scurto
3%
2001-2002 23 MF Ivan Tomic
3%
2002-2003 14 MF Ivan Tomic
3%
2000-2001 13 DF Maurizio Lanzaro
3%
2016-2017 17 DF Moustapha Seck
3%
2010-2011 3 DF Paolo Castellini
3%
2001-2002 22 GK Sebastián Cejas
3%
2001-2002 29 DF Sebastiano Siviglia
3%
2009-2010 21 FW Stefano Guberti
3%
2003-2004 28 MF Adewale Dauda Wahab
2%
2007-2008 36 MF Claudio Della Penna
2%
2003-2004 26 DF Gianluca Galasso
2%
2016-2017 91 DF Riccardo Marchizza
2%
2006-2007 19 DF Rodrigo Defendi
2%
No matching quizzes found
Score Distribution
Percent of People with Each Score
Percentile by Number Answered
Your Score History
You have not taken this quiz since the last reset